Obra reunida / (Record no. 183326)
[ view plain ]
| 000 -LEADER | |
|---|---|
| campo de control de longitud fija | 01090nam a2200253 i 4500 |
| 001 - NÚMERO DE CONTROL | |
| campo de control | 183326 |
| 003 - IDENTIFICADOR DE NÚMERO DE CONTROL | |
| campo de control | ES-MaACL |
| 005 - FECHA Y HORA DE LA ÚLTIMA TRANSACCIÓN | |
| campo de control | 20250819063111.0 |
| 008 - DATOS DE LONGITUD FIJA--INFORMACIÓN GENERAL | |
| campo de control de longitud fija | 140324s2007 mx |||| | spa d |
| 020 ## - NÚMERO INTERNACIONAL ESTÁNDAR DEL LIBRO | |
| Número Internacional Estándar del Libro | 978-970-35-13574 |
| 100 1# - ENTRADA PRINCIPAL--NOMBRE DE PERSONA | |
| Nombre de persona | Peña, Ernesto de la, |
| Fechas asociadas al nombre | 1927-2012 |
| 9 (RLIN) | 90218 |
| 245 10 - MENCIÓN DEL TÍTULO | |
| Título | Obra reunida / |
| Mención de responsabilidad, etc. | Ernesto de la Peña. |
| 250 ## - MENCION DE EDICION | |
| Mención de edición | 1ª ed. |
| 260 ## - PUBLICACIÓN, DISTRIBUCIÓN, ETC. | |
| Lugar de publicación, distribución, etc. | México, D.F. : |
| Nombre del editor, distribuidor, etc. | Consejo Nacional para la Cultura y las Artes, |
| Fecha de publicación, distribución, etc. | 2007. |
| 300 ## - DESCRIPCIÓN FÍSICA | |
| Extensión | 3 v. : |
| Otras características físicas | il. ; |
| Dimensiones | 24 cm. |
| 504 ## - NOTA DE BIBLIOGRAFÍA, ETC. | |
| Nota de bibliografía, etc. | Incluye refernecias bibliográficas. Indices. |
| 505 8# - NOTA DE CONTENIDO CON FORMATO | |
| Nota de contenido con formato | T. 1. Ensayo -- t. 2. Ensayos y traducciones -- t. 3. Narrativa y poesia |
| 852 ## - LOCALIZACIÓN | |
| Ubicación | ES-MaACL |
| Número de control de estantería | A-13061 |
| Designación de la unidad física | v.1 |
| itemnumber | 190265 |
| Sublocalización o colección | R.149762 |
| Ubicación en estantería | Depósito 1 |
| Signatura antigua | Olim: N-6061 |
| Donativo/Legado | Donación: Real Academia Española |
| 852 ## - LOCALIZACIÓN | |
| Ubicación | ES-MaACL |
| Número de control de estantería | A-13062 |
| Designación de la unidad física | v.2 |
| itemnumber | 200753 |
| Sublocalización o colección | R.149762 |
| Ubicación en estantería | Depósito 1 |
| Signatura antigua | Olim: N-6062 |
| Donativo/Legado | Donación: Real Academia Española |
| 852 ## - LOCALIZACIÓN | |
| Ubicación | ES-MaACL |
| Número de control de estantería | A-13063 |
| Designación de la unidad física | v.3 |
| itemnumber | 200754 |
| Sublocalización o colección | R.149762 |
| Ubicación en estantería | Depósito 1 |
| Signatura antigua | Olim: N-6063 |
| Donativo/Legado | Donación: Real Academia Española |
| 914 ## - NOMBRE ENTIDAD DE DONANTE | |
| RLIN | 6336 |
| Nombre de congreso/reunión o jurisdicción como elemento de entrada | Real Academia Española |
| Unidad subordinada | Donante |
| 942 ## - ELEMENTOS DE ENTRADA SECUNDARIOS (KOHA) | |
| Fuente del sistema de clasificación o colocación | Clasificación decimal universal |
| Tipo de ítem Koha | Libro impreso |
| Estatus retirado | Estado de pérdida | Fuente del sistema de clasificación o colocación | Estado de daño | No para préstamo | Biblioteca de origen | Biblioteca actual | Ubicación en estantería | Fecha de adquisición | Fuente de adquisición | Enumeración/cronología de publicación seriada | Total de préstamos | Signatura topográfica completa | Código de barras | Visto por última vez | Precio de reemplazo | Tipo de ítem Koha |
|---|---|---|---|---|---|---|---|---|---|---|---|---|---|---|---|---|
| Clasificación decimal universal | Biblioteca del Ateneo de Madrid | Biblioteca del Ateneo de Madrid | Depósito 1 | 24/03/2014 | Donación | v.1 | A-13061 | 1192692 | 23/02/2023 | 23/02/2023 | Libro impreso | |||||
| Clasificación decimal universal | Biblioteca del Ateneo de Madrid | Biblioteca del Ateneo de Madrid | Depósito 1 | 24/03/2014 | Donación | v.2 | A-13062 | 101206042 | 02/11/2023 | 23/02/2023 | Libro impreso | |||||
| Clasificación decimal universal | Biblioteca del Ateneo de Madrid | Biblioteca del Ateneo de Madrid | Depósito 1 | 24/03/2014 | Donación | v.3 | A-13063 | 10120643 | 02/11/2023 | 23/02/2023 | Libro impreso |
